00463nam a2200145Ia 450000100060000000800410000602000070004704000130005408200220006710000180008924501180010726000740022530000110029954600070031056509140506s9999 xx 000 0 und d aNA cPK-LaUMT aMAL 333.914bFIF- aLavi, Abrahim aProceedings of the fifth ocean thermal energy conversion conference [5:1978: Miami Beach, Florida]cLavi, Abrahim aMiami,USA:bThe Clean Energy Research Institute, Uni. of Miami,c1978 a220 p. aEN